| 000 | 02005nam a2200265 a 4500 | ||
|---|---|---|---|
| 005 | 20180803165402.0 | ||
| 008 | 140129b2006 ck ||||| |||| 00| 0 spa d | ||
| 040 | _cCO-BoIH | ||
| 041 | _aspa | ||
| 044 | _ack | ||
| 090 |
_aIAVH _b00965 |
||
| 100 |
_aMurtinho Espinosa, Felipe _95207 |
||
| 245 |
_aAnálisis de los instrumentos de política agropecuaria vigentes y su impacto sobre los bienes y servicios ambientales en los ecosistemas estratégicos del área jurisdiccional de la Corporación Autónoma Regional de Cundinamarca-CAR _bTercera parte, segunda sección |
||
| 260 |
_aBogotá _bInstituto Alexander von Humboldt _c2006 |
||
| 300 | _a30 p. | ||
| 520 | _aLa primera parte sintetiza el marco conceptual sobre el tema de las políticas públicas e instrumentos operativos; la segunda parte presenta la institucionalidad del sector agropecuario colombiano; la tercera parte, describe características del agro colombiano destacando indicadores simples asociados al sector rural; la cuarta parte caracteriza los aspectos agrícolas y pecuarios existentes en la jurisdicción CAR usando como criterio tipológico pisos climáticos; la quinta sección resume el contexto de las políticas del sector agropecuario analizando los cambios después del redireccionamiento ocurrido en la década pasada (años 90); la sexta sección condensa distintas herramientas vigentes para apoyar la gestión institucional considerando solo sus respectivos aspectos teórico - prácticos más significativos; la septima parte consolida el análisis asociado al impacto originado por estos mecanismos en los bienes y servicios ambientales de los ecosistemas estratégicos; finalmente se presentan las conclusiones | ||
| 650 |
_aInstrumentos de política _95554 |
||
| 650 |
_aPolítica agropecuaria _930460 |
||
| 650 |
_aImpacto _930461 |
||
| 650 |
_aBienes y servicios _930462 |
||
| 650 |
_aBiodiversidad _992204 |
||
| 700 |
_aMoreno Díaz, Carlos Alberto _95209 |
||
| 942 |
_cINFORME _2z |
||
| 945 | _d2008-09-09 | ||
| 999 |
_c6553 _d6553 |
||